Shakespeare / (Record no. 79944)

MARC details
000 -LEADER
campo de control de longitud fija 00705nam a2200205 i 4500
001 - NÚMERO DE CONTROL
campo de control 79944
003 - IDENTIFICADOR DE NÚMERO DE CONTROL
campo de control ES-MaACL
005 - FECHA Y HORA DE LA ÚLTIMA TRANSACCIÓN
campo de control 20260306132314.0
007 - CAMPO FIJO DE DESCRIPCIÓN FÍSICA--INFORMACIÓN GENERAL
campo de control de longitud fija t|
008 - DATOS DE LONGITUD FIJA--INFORMACIÓN GENERAL
campo de control de longitud fija 041025s1955 ag ||||1| spa d
100 1# - ENTRADA PRINCIPAL--NOMBRE DE PERSONA
Nombre de persona Hill, Frank Ernest.
9 (RLIN) 63700
245 10 - MENCIÓN DEL TÍTULO
Título Shakespeare /
Mención de responsabilidad, etc. Frank Ernest Hill ; traducción directa por Josefina Martínez Alinari ; dibujo de Addison Burbank.
260 ## - PUBLICACIÓN, DISTRIBUCIÓN, ETC.
Lugar de publicación, distribución, etc. [S.l. :
Nombre del editor, distribuidor, etc. s.n.,
Fecha de publicación, distribución, etc. 1955] (
Lugar de fabricación/manufactura Buenos Aires :
Fabricante Peuser)
300 ## - DESCRIPCIÓN FÍSICA
Extensión 474 p. :
Otras características físicas retr. biog. ;
Dimensiones 24 cm.
600 14 - PUNTO DE ACCESO ADICIONAL DE MATERIA--NOMBRE DE PERSONA
Nombre de persona Shakespeare, William,
Fechas asociadas al nombre 1564-1616
9 (RLIN) 105992
700 0# - ENTRADA AGREGADA--NOMBRE PERSONAL
Nombre de persona Martínez Alinari, Josefina
9 (RLIN) 77838
700 1# - ENTRADA AGREGADA--NOMBRE PERSONAL
Nombre de persona Burbank, Addison.
9 (RLIN) 32574
852 ## - LOCALIZACIÓN
Ubicación ES-MaACL
Número de control de estantería C-16542
Sublocalización o colección R.44675
Holdings
Estatus retirado Estado de pérdida Estado de daño No para préstamo Biblioteca de origen Biblioteca actual Ubicación en estantería Fecha de adquisición Fuente de adquisición Total de préstamos Signatura topográfica completa Código de barras Visto por última vez Precio de reemplazo Tipo de ítem Koha
        Biblioteca del Ateneo de Madrid Biblioteca del Ateneo de Madrid Galería 17/01/2008     C-16542 1083590 23/02/2023 23/02/2023 Libro impreso